Producción académica sobre la relación historia, juventud y política en Colombia: una aproximación a su estado del arte desde mediados del siglo XX /
En el presente documento se describe la producción académica que ha abordado la relación política y juventud desde una perspectiva histórica en Colombia. Esta relación devela diferentes perspectivas investigativas para aproximarse a la historia.
Bewaard in:
| Hoofdauteur: | |
|---|---|
| Andere auteurs: | , , |
| Formaat: | Texto |
| Onderwerpen: | |
| Tags: |
Voeg label toe
Geen labels, Wees de eerste die dit record labelt!
|
MARC
| LEADER | 00000 a a2200000 04500 | ||
|---|---|---|---|
| 001 | 41405 | ||
| 003 | |||
| 040 | |||
| 100 | |a Botero, Patricia | ||
| 245 | |a Producción académica sobre la relación historia, juventud y política en Colombia: |b una aproximación a su estado del arte desde mediados del siglo XX / |c Patricia Botero ; Héctor Fabio Ospina ; Sara Victoria Alvarado ; José Rubén Castillo | ||
| 520 | 4 | |a En el presente documento se describe la producción académica que ha abordado la relación política y juventud desde una perspectiva histórica en Colombia. Esta relación devela diferentes perspectivas investigativas para aproximarse a la historia. | |
| 590 | |a RRA/AGOSTO2011 | ||
| 650 | |a 1.JUVENTUD | ||
| 650 | |a 2.INVESTIGACION SOCIAL | ||
| 650 | |a 3.PARTICIPACION POLITICA | ||
| 650 | |a 4.ANALISIS HISTORICO | ||
| 650 | |a 5.COMPORTAMIENTO POLITICO | ||
| 650 | |a 6.COLOMBIA | ||
| 700 | |a Ospina, Héctor Fabio | ||
| 700 | |a Alvarado, Sara Victoria | ||
| 700 | |a Castillo, José Rubén | ||
| 773 | |g páginas 231-261 | ||
| 999 | |c 29895 |d 29895 | ||
